00353nam a2200145Ia 4500008004100000041001200041082001600053100001900069245004000088260002500128300000800153650000800161700002200169700001600191221030s9999 xx 000 0 und d aEnglish a105.23bBha aN. N. Bhargava 0aBasic Electronics & Linear Circuits bTMHaNew Delhic1984 a490 aECE aD. C. Kulshrehtha aS. C. Gupta